| 000 | 00838nam a2200181 i 4500 | ||
|---|---|---|---|
| 001 | 158346 | ||
| 003 | ES-MaACL | ||
| 005 | 20230906211115.0 | ||
| 008 | 940202m18441846fr |||| | fre d | ||
| 040 |
_aAS _bspa |
||
| 100 | 1 |
_aMacarel, Louis Antoine ( _d1790-1851) _9129280 |
|
| 245 | 1 | 0 |
_aCours de droit administratif professé a la Faculté de Droit de París / _cpar M. Macarel. |
| 260 |
_aParis : _bGustave Thorel, libraire, sucesseur d'Alex-Gobelet, _c1844-1846. |
||
| 300 |
_a4 v. ; _c21 cm. |
||
| 505 | 8 | _aT.I, 1844 (VIII, 679 p.) - T.II, 1844 (956 p.) - T.III, 1846 (VII, 488 p.) - T.IV, 1846 (VII, 546 p.) | |
| 650 | 4 |
_aDerecho administrativo- _zFrancia. _9150731 |
|
| 852 |
_aES-MaACL _jG-12963-66 _z-- Enc. hol. _x-- Edic.: T.I, 1844 (VIII, 679 p.) - T.II, 1844 (956 p.) - T.III, 1846 (VII, 488 p.) - T.IV, 1846 (VII, 546 p.) |
||
| 999 |
_c158346 _d158346 |
||